000 01704cam a2200349 i 4500
999 _c1970
_d1970
001 (Sirsi) a1178996
003 OSt
005 20230222084357.0
008 200821s20172003enka a 000 1 eng d
020 _a9781509830466
_q(paperback) :
040 _aCHA
_beng
_cTAE
_erda
_dKH8
042 _anbic
082 0 _a823.914 DON
100 1 _aDonaldson, Julia,
_eauthor.
245 1 4 _aThe magic paintbrush /
_cwritten by Julia Donaldson ; illustrated by Joel Stewart.
264 1 _aLondon :
_bMacmillan Children's,
_c2017.
264 4 _c©2003.
300 _a24 unnumbered pages :
_bcolor illustrations ;
_c28 cm.
336 _atext
_btxt
_2rdacontent.
336 _astill image
_bsti
_2rdacontent.
337 _aunmediated
_bn
_2rdamedia.
338 _avolume
_bnc
_2rdacarrier.
500 _aOriginally published: 2003.
520 _aWith her magic paintbrush, Shen can paint steaming pots full of fish and oysters to feed the hungry people in her village, but when the evil emperor hears of her gift he commands Shen to paint gold for him instead. She is determined to keep her promise to paint only for the poor, but how can she match the emperor's mighty power? In The Magic Paintbrush, Julia Donaldson's brilliant verse and Joel Stewart's beautiful illustrations bring vibrant life to a traditional tale of how a little girl's integrity can withstand the corruption of power and greed.
521 1 _aAges 3-6.
650 0 _aMagic drawings
_vPictorial works
_vJuvenile fiction.
650 0 _aPainting
_vPictorial works
_vJuvenile fiction.
650 0 _aFolklore
_zChina
_vJuvenile fiction.
650 0 _aAvarice
_vJuvenile fiction.
700 1 _aStewart, Joel,
_eillustrator.
942 _2ddc
_cNFIC